AID and the secret parallel state /
Se analiza la formación secreta de una red de empresas privadas fundandas por la AID. Dicha organización fue de conocimiento público en Costa Rica en 1988, y se le llamó "el estado paralelo". El propósito de tal red era desestabilizar las estrategias de desarrollo generadas por el Estado c...
Guardado en:
| Hovedforfatter: | |
|---|---|
| Andre forfattere: | |
| Format: | Ukendt |
| Sprog: | English |
| Udgivet: |
Nueva York:
Grove Weidenfeld;
1989.
|
| Fag: | |
| Tags: |
Tilføj Tag
Ingen Tags, Vær først til at tagge denne postø!
|
MARC
| LEADER | 00000 a2200000 04500 | ||
|---|---|---|---|
| 001 | 1841 | ||
| 003 | cru IIS | ||
| 005 | 20211124142625.0 | ||
| 008 | 991231s1989 nyu eng d | ||
| 020 | |a 0-8021-1081-9 | ||
| 040 | |a Centro de Recursos para el Aprendizaje y la Investigación |b español |c cru IIS | ||
| 090 | |a 04.03.01 E22c | ||
| 100 | |a Edelman, Marc | ||
| 245 | |a AID and the secret parallel state / |c Lezak Shallat | ||
| 260 | |a Nueva York: |b Grove Weidenfeld; |c 1989. | ||
| 300 | |a páginas 221-228 | ||
| 500 | |a Colección Centroamérica | ||
| 520 | |a Se analiza la formación secreta de una red de empresas privadas fundandas por la AID. Dicha organización fue de conocimiento público en Costa Rica en 1988, y se le llamó "el estado paralelo". El propósito de tal red era desestabilizar las estrategias de desarrollo generadas por el Estado costarricense y crear una estructura alternativa similar al modelo de privatización de la administración Reagan. Estudia las características del "estado paralelo", la duplicidad de instituciones y empresas en el país y, particularmente las actividades de CINDE en Costa Rica. Entre los cargos que se le atribuyeron a la AID por su participación en dicho proceso se citan: la explotación financiera de Costa Rica, la violación a la soberanía del país y un intento por hacer fracasar la estrategia de desarrollo, producto del proceso democrático costarricense. AB/JM | ||
| 650 | |a RELACIONES ECONOMICAS |0 TESAUROS | ||
| 650 | |a INTERVENCION EXTRANJERA |0 TESAUROS | ||
| 650 | |a POLITICA EXTERIOR |0 TESAUROS | ||
| 650 | |a RELACIONES ECON. INTERNACIONALES |0 TESAUROS | ||
| 650 | |a COOPERACION ECONOMICA |0 TESAUROS | ||
| 700 | |a Kenen, Joanne; | ||
| 773 | 0 | |g páginas 221-228 | |
| 852 | 1 | 1 | |a 04.03.01 E22c |
| 942 | |2 ddc |c LI |h 04.03.01 E22c |k 04.03.01 |m E22c |6 040301_E22C | ||
| 999 | |c 13877 |d 13877 | ||
| 773 | 0 | |0 43851 |9 5999 |a Edelman, Marc |d Nueva york: Grove Weidenfeld; 1989 |o 09267 |t The Costa Rica Reader / |z 0-8021-1081-9 | |



